| 000 | 00544cam a22001812 4500 | ||
|---|---|---|---|
| 001 | 0000002777 | ||
| 005 | 20151217155817.0 | ||
| 008 | 070419s xx 000 0 eng d | ||
| 040 |
_aKABU _cKABU |
||
| 050 | 0 |
_aPR9381.9 _b.O85A43 |
|
| 100 | 1 |
_aOsinya, Alumidi. _@0000152285 |
|
| 245 | 1 | 4 | _aThe Amazing saga of field marshal Abdulla Salim Fisi or how the hyena got his. |
| 260 |
_aNairobi : _bJOE Publications, _c1977. |
||
| 300 | _a131 p. | ||
| 908 | _a070419 | ||
| 950 | _@1 | ||
| 999 |
_c12749 _d12749 |
||